Al-nujum-al-zahir (Record no. 106653)

MARC details
000 -LEADER
fixed length control field 00712nam a2200265Ia 4500
003 - CONTROL NUMBER IDENTIFIER
control field OSt
005 - DATE AND TIME OF LATEST TRANSACTION
control field 20220918105405.0
008 - FIXED-LENGTH DATA ELEMENTS--GENERAL INFORMATION
fixed length control field 220915b |||||||| |||| 00| 0 ara d
037 ## - SOURCE OF ACQUISITION
Terms of availability Reference Collections
040 ## - CATALOGING SOURCE
Original cataloging agency ARTS
Transcribing agency ARTS
Language of cataloging ara
041 ## - LANGUAGE CODE
Source of code ara
Language code of text/sound track or separate title ara
100 ## - MAIN ENTRY--PERSONAL NAME
Personal name Jalaluddin Au.
9 (RLIN) 947
245 #0 - TITLE STATEMENT
Title Al-nujum-al-zahir
260 ## - PUBLICATION, DISTRIBUTION, ETC.
Date of publication, distribution, etc. 1929
300 ## - PHYSICAL DESCRIPTION
Extent 735p.
490 ## - SERIES STATEMENT
Volume/sequential designation Vol.8
650 ## - SUBJECT ADDED ENTRY--TOPICAL TERM
Topical term or geographic name entry element REFERENCE BOOKS
700 ## - ADDED ENTRY--PERSONAL NAME
Personal name Popper William Ed.
9 (RLIN) 948
942 ## - ADDED ENTRY ELEMENTS (KOHA)
Classification part V461, 28F9.8
Koha item type Reference
Holdings
Withdrawn status Lost status Damaged status Not for loan Home library Current library Date acquired Serial Enumeration / chronology Total Checkouts Full call number Barcode Date last seen Price effective from Koha item type
        Arts Library Arts Library 2022-09-18 Vol.8   V461 28F9.8 AL0021128 2022-09-18 2022-09-18 Reference
Copyright @ Delhi University Library System